| 000 | 01020njm a2200241 i 4500 | ||
|---|---|---|---|
| 001 | 4872 | ||
| 003 | ES-MaACL | ||
| 005 | 20240619063053.0 | ||
| 007 | s|r||||||||||| | ||
| 008 | 070820s1980 sp ||| g ||||||||1|nspa d | ||
| 245 | 0 | 0 |
_aHomenaje a Gerardo Diego, premio Miguel de Cervantes _h[Grabación sonora] _b: lectura de sus poemas. |
| 260 |
_aMadrid : _bAteneo de Madrid, _c1980. |
||
| 300 |
_a2 discos (CD-DA) (1 h. 32 min. 20 seg.) ; _c12 cm. |
||
| 500 | _aDatos basados en la invitación. | ||
| 518 | _aActo organizado por el Aula de Poesía del Ateneo de Madrid, grabado en la sala de conferencias el miércoles 13 de febrero de 1980, a las 20:00 h. | ||
| 600 | 1 | 4 |
_aDiego, Gerardo, _d1896-1987- _vHomenajes _944548 |
| 610 | 2 | 4 |
_aAteneo de Madrid- _xActos culturales- _y1980- _vGrabaciones sonoras. _91891 |
| 710 | 2 |
_aAteneo de Madrid. _bAula de Poesía. _91949 |
|
| 852 |
_aES-MaACL _jROT 4/2/38 _94989 _cROT |
||
| 852 |
_aES-MaACL _jROT 4/2/39 _9203531 _cROT |
||
| 942 | _2udc | ||
| 999 |
_c4872 _d4872 |
||